VICO Y EL PENSAMIENTO CONTEMPORANEO/

TRADUCCION DE: VICO AND CONTEMPORARY THOUGHT

Gespeichert in:
Bibliographische Detailangaben
Weitere Verfasser: Tagliacozzo, Giorgio (compilación) (compilación)
Format: Buch
Schlagworte:
Tags: Tag hinzufügen
Keine Tags, Fügen Sie das erste Tag hinzu!

MARC

LEADER 00000nam^a2200000^a^4500
001 000224228
005 20250521000000.0
009 20260310104041.306
020 |a 968-16-2441-6 
035 |a 043097 
037 |a Acervo Xavier Clavigero 
082 |a 901. VIC 
245 1 0 |a VICO Y EL PENSAMIENTO CONTEMPORANEO/  |c COMP. GIORGIO TAGLIACOZZO; TR. MARIA AURORA DIEZ-CANEDO 
264 |a MEXICO :  |b FONDO DE CULTURA ECONOMICA,  |c 1987 
300 |a 470p. 
336 |a texto  |b txt  |2 rdacontenido 
337 |a sin mediación  |b n  |2 rdamedio 
338 |a volumen  |b nc  |2 rdasoporte 
520 |a TRADUCCION DE: VICO AND CONTEMPORARY THOUGHT 
649 |a XX 
650 |a Historia -  |x Filosofía 
650 |a Filosofía Italiana 
650 |a Vico, Giambattista -  |x Tema Principal 
700 |a Tagliacozzo, Giorgio  |e (compilación) 
910 |a Fondo General 
920 |a Impresos - Libros 
930 |a Colección General 
905 |a 101 
901 |a 043097  |b IT1  |c ACC  |i 043097  |u 20250521 
902 |a https://opac.biblio.iteso.mx/vufind/Record/000224228